JavaFX : (Record no. 51765)

MARC details
000 -LEADER
fixed length control field 02167nam a22003257a 4500
005 - DATE AND TIME OF LATEST TRANSACTION
control field 20110421114812.0
008 - FIXED-LENGTH DATA ELEMENTS--GENERAL INFORMATION
fixed length control field 110421t xxu||||| |||| 00| 0 eng d
010 ## - LCCN (DPL NO)
LC control number ENG-102264
020 ## - INTERNATIONAL STANDARD BOOK NUMBER
International Standard Book Number 9780071077347
Terms of availability 450.00
020 ## - INTERNATIONAL STANDARD BOOK NUMBER
International Standard Book Number 0071077340
Terms of availability 450.00
035 ## - SYSTEM CONTROL NUMBER
System control number EN-85797
037 ## - SOURCE OF ACQUISITION
Source of stock number/acquisition DBAD / PUB
040 ## - CATALOGING SOURCE
Original cataloging agency dpl
Language of cataloging Eng
082 ## - DEWEY DECIMAL CLASSIFICATION NUMBER
Classification number 005.133
100 ## - MAIN ENTRY--PERSONAL NAME
9 (RLIN) 27399
Personal name DiMarzio, J. F.
245 ## - TITLE STATEMENT
Title JavaFX :
Remainder of title a beginner’s guide /
260 ## - PUBLICATION, DISTRIBUTION, ETC. (IMPRINT)
Place of publication, distribution, etc New Delhi
Name of publisher, distributor, etc Tata McGraw-Hill
Date of publication, distribution, etc 2011
270 ## - ADDRESS
Address 7, West Patel Nagar
City New Delhi
Postal code 110008
300 ## - PHYSICAL DESCRIPTION
Extent xv, 300p. :
Dimensions 24cm.(pbk)
Other physical details ill.
490 ## - SERIES STATEMENT
Series statement Oracle Press
-- 27402
500 ## - GENERAL NOTE
General note "Covers release 1.3"--Cover.
500 ## - GENERAL NOTE
General note Includes index.
505 ## - FORMATTED CONTENTS NOTE
Formatted contents note Introduction to JavaFX -- Setting the scene -- Hello world -- Creating shapes -- Using colors and gradients -- Using images -- Applying effects and transformations -- Basic animation -- Using events -- Give it some swing -- Custom nodes and overriding -- Embedded video and music -- Using JavaFX layouts -- Style your JavaFX with CSS -- Deploying JavaFX -- Node property reference -- JavaFX command-line arguments -- Answers to self tests.
520 ## - SUMMARY, ETC.
Summary, etc "Create immersive, interactive environments for any platform. JavaFXTM: A Beginner’s Guide begins by explaining the technology behind JavaFX and quickly moves on to installing the JavaFX development environment and tools, including the JavaFX SDK, the Java SE JDK, and NetBeans. Then, you’ll learn how to develop desktop, browser, and mobile applications with ease. The book covers effects and transformations, animation, events, and Swing components. Techniques for creating custom nodes, embedding video and music, using JavaFX layouts, and styling with CSS are also discussed"-- |c Provided by publisher.
630 ## - SUBJECT ADDED ENTRY--UNIFORM TITLE
Uniform title JavaFX (Electronic resource)
650 ## - SUBJECT ADDED ENTRY--TOPICAL TERM
Topical term or geographic name as entry element Java (Computer program language)
9 (RLIN) 27404
650 ## - SUBJECT ADDED ENTRY--TOPICAL TERM
Topical term or geographic name as entry element Graphical user interfaces (Computer systems)
9 (RLIN) 27405
942 ## - ADDED ENTRY ELEMENTS (KOHA)
Institution code [OBSOLETE] dpl
Item type English Books
Source of classification or shelving scheme Dewey Decimal Classification
Classification part 005.133
Call number suffix DIM
Holdings
Withdrawn status Lost status Source of classification or shelving scheme Damaged status Not for loan Collection code Home library Current library Date acquired Source of acquisition Cost, normal purchase price Total Checkouts Full call number Barcode Date last seen Copy number Cost, replacement price Koha item type
    Dewey Decimal Classification   Not For Loan Non-fiction D.B.Act.Division D.B.Act.Division 21/04/2011 DBAD/PUB 450.00   005.133 DIM EN-85797 21/04/2011 1 450.00 English Books

© Delhi Public Library
Hit Counter
free hit counter